[Event "Chefchaouen op"]
[Site "Chefchaouen"]
[Date "2022.10.24"]
[Round "2"]
[White "Bouchaara, Mustapha"]
[Black "Chellaf, Abdeslam"]
[Result "1-0"]
[WhiteElo "1687"]
[BlackElo "1926"]
[PlyCount "69"]
[EventDate "2022.10.23"]
[EventType "swiss"]
[EventRounds "7"]
[EventCountry "MAR"]
[SourceTitle "EXT 2024"]
[Source "ChessBase"]
[SourceDate "2023.10.10"]
[SourceVersion "1"]
[SourceVersionDate "2023.10.10"]
[SourceQuality "1"]

1. e4 e6 2. d4 d5 3. exd5 exd5 4. Nf3 Nf6 5. Bd3 Be7 6. h3 Nbd7 7. Bf4 h6 8. 0-0 0-0 9. Re1 Re8 10. c4 Nf8 11. Ne5 dxc4 12. Bxc4 Be6 13. Nc3 Bxc4 14. Nxc4 Ng6 15. Bg3 c6 16. Qd3 Bb4 17. a3 Bxc3 18. bxc3 Qd5 19. Nd6 Rxe1+ 20. Rxe1 Nh5 21. Nxb7 Ngf4 22. Qe4 Qxe4 23. Rxe4 Nxg3 24. fxg3 Nh5 25. Kf2 Rb8 26. Re7 Kf8 27. Rc7 f5 28. Nd6 Rb2+ 29. Kf3 Rb3 30. Rxc6 Rxa3 31. Nxf5 Ra1 32. d5 Rf1+ 33. Ke4 Nf6+ 34. Ke5 Rxf5+ 35. Kxf5 1-0